History - American | 2 | 3 | 0 | 0 | 60 | 34 | 71.00 | 1 | 1 |
History - World | 2 | 3 | 0 | 0 | 60 | 36 | 75.00 | 0 | 1 |
History - Cross, Historiography, and Miscellaneous | 1 | 3 | 0 | 0 | 45 | 58 | 87.50 | 0 | 1 |
History - European | 2 | 0 | 0 | 0 | 30 | 45 | 47.50 | 0 | 0 |
Fine Arts - Miscellaneous | 0 | 3 | 0 | 0 | 30 | 85 | 94.67 | 0 | 0 |
RMP - Philosophy | 0 | 2 | 0 | 0 | 20 | 102 | 102.00 | 0 | 0 |
Fine Arts - Film | 1 | 0 | 0 | 0 | 15 | 55 | 55.00 | 0 | 0 |
Literature - British | 1 | 0 | 0 | 0 | 15 | 35 | 35.00 | 0 | 0 |
Other - Other Academic and General Knowledge | 1 | 0 | 0 | 0 | 15 | 56 | 56.00 | 0 | 1 |
Literature - American | 0 | 1 | 0 | 0 | 10 | 122 | 122.00 | 0 | 0 |
Current Events - U.S. | 0 | 1 | 0 | 0 | 10 | 121 | 121.00 | 0 | 0 |
Geography - World | 0 | 1 | 0 | 0 | 10 | 86 | 86.00 | 0 | 0 |
Fine Arts - Photography | 0 | 1 | 0 | 0 | 10 | 103 | 103.00 | 0 | 0 |
Literature - World and Miscellaneous | 0 | 1 | 0 | 0 | 10 | 103 | 103.00 | 0 | 0 |
RMP - Jewish Practice | 0 | 1 | 0 | 0 | 10 | 127 | 127.00 | 0 | 0 |
Geography - Europe | 0 | 1 | 0 | 0 | 10 | 88 | 88.00 | 0 | 0 |
RMP - Greco-Roman Mythology | 0 | 0 | 0 | 0 | 0 | | 0.00 | 0 | 0 |
RMP - Islam | 0 | 0 | 0 | 0 | 0 | | 0.00 | 0 | 0 |
Fine Arts - Ballet/Dance | 0 | 0 | 0 | 0 | 0 | | 0.00 | 0 | 0 |
RMP - Other Religion | 0 | 0 | 0 | 0 | 0 | | 0.00 | 0 | 0 |
Fine Arts - Music | 0 | 0 | 0 | 0 | 0 | | 0.00 | 0 | 0 |